Soil survey and land evaluation (Record no. 36456)

MARC details
000 -LEADER
fixed length control field 00342nam a2200133Ia 4500
082 ## - DEWEY DECIMAL CLASSIFICATION NUMBER
Classification number 528.46
Item number DEN
100 ## - MAIN ENTRY--AUTHOR NAME
Personal name Dent, David
245 #0 - TITLE STATEMENT
Title Soil survey and land evaluation
260 ## - PUBLICATION, DISTRIBUTION, ETC. (IMPRINT)
Place of publication London
Name of publisher George Allen & Unwin
Year of publication 1981
650 ## - SUBJECT ADDED ENTRY--TOPICAL TERM
Topical Term Soil survey
700 ## - ADDED ENTRY--PERSONAL NAME
Personal name Young, Anthony
942 ## - ADDED ENTRY ELEMENTS (KOHA)
Koha item type Books
Holdings
Withdrawn status Lost status Damaged status Not for loan Home library Current library Date acquired Cost, normal purchase price Full call number Accession Number Koha item type
        RRII Library RRII Library 16/12/2021 7.95 528.46 DEN 16862 Books